000 00268nam a22001097a 4500
008 230704b xxu||||| |||| 00| 0 eng d
082 _a362.2
_bINC 1998
245 _aNarcotic Drugs stupefiants Estupefacientes
260 _bUN
_c1998
300 _a236p
942 _2ddc
_cBK
999 _c3862
_d3862